header

SEC considering changing environmental disclosure requirements for foreign corporations (Record no. 74260)

MARC details
000 -LEADER
fixed length control field 01229nam a2200277 a 4500
100 1# - MAIN ENTRY--AUTHOR NAME
Personal name Schnapf, Lawrence P.
245 10 - TITLE STATEMENT
Title SEC considering changing environmental disclosure requirements for foreign corporations
260 ## - PUBLICATION, DISTRIBUTION, ETC. (IMPRINT)
Place of publication Washington, D.C. :
Name of publisher Environmental Law Institute,
Year of publication 2003.
300 ## - PHYSICAL DESCRIPTION
Number of Pages [1] p.
490 0# - SERIES STATEMENT
Series statement Environmental law reporter news & analysis
650 #0 - SUBJECT ADDED ENTRY--TOPICAL TERM
Topical Term Corporations, Foreign
Topical Term Environmental impact statements
856 40 - ELECTRONIC LOCATION AND ACCESS
Uniform Resource Identifier http://site.ebrary.com/lib/rucke/Doc?id=10046516

No items available.

© 2026 Rongo University
Contact us: librarian | system librarian | Rongo university